00661 2200241 4500001002100000005001500021035002000036007000300056008004100059020002200100082001400122084002000136100001500156245007500171250001600246260003500262300004500297650002000342700001600362700001700378990001200395990001200407INLIS00000000000174620180315112542 a0010-0318000089ta180315 d 1 ind  a978-602-7870-66-6 a899.221 3 a899.221 3 PID d0 aPIDI, Baiq1 aDrunken Molen /cPidi Baiq; penyunting naskah, Doel Wahab, Rahim Asyik aed.2, cet.3 aBandung :bPastel Books,c2015 a175 hlm. :bilus. ;c20 cm.-- Seri Humor aFIKSI INDONESIA0 aDOEL, Wahab0 aRAHIM, Asyik a16783 A a16783 B